[Event "Turkish Bank Chess League"]
[Site "Konya TUR"]
[Date "2012.07.22"]
[EventDate "2012.07.11"]
[Round "13"]
[Result "1/2-1/2"]
[White "Cankut Emiroglu"]
[Black "Anna Ushenina"]
[WhiteElo "2278"]
[BlackElo "2452"]
[PlyCount "103"]

1. e4 g6 2. d4 Bg7 3. Nc3 c6 4. Nf3 d5 5. h3 Nh6 6. Bd3 f6
7. Qe2 Nf7 8. Be3 O-O 9. O-O-O b5 10. Kb1 Qa5 11. a3 e6
12. exd5 exd5 13. Bd2 Qd8 14. Rhe1 a5 15. Qe7 Qb6 16. Bf4 Na6
17. Re2 Ra7 18. Qe3 Qd8 19. Na2 Qb6 20. Nc3 Nc7 21. Rde1 Ne6
22. Qd2 Nxf4 23. Qxf4 Qd8 24. Nd2 Nd6 25. Nb3 b4 26. Na4 bxa3
27. bxa3 f5 28. c3 Ne4 29. Nbc5 Rff7 30. f3 Bf8 31. Ka1 Bd7
32. Rb2 Bd6 33. Qc1 Nxc5 34. Nxc5 Qf8 35. Qb1 Bxc5 36. Rb8 Bc8
37. dxc5 Rab7 38. Rxb7 Rxb7 39. Qc1 Rb3 40. Ka2 a4 41. Qe3 Bd7
42. Rb1 Rxc3 43. Rb7 Qe8 44. Qd4 Qe1 45. Rb8+ Kf7 46. Qh8 Qd2+
47. Rb2 Qxd3 48. Qxh7+ Kf6 49. Qh8+ Ke6 50. Qg8+ Kf6 51. Qh8+
Kf7 52. Qh7+ 1/2-1/2

[Event "FIDE Knock-out Women's World Championship"]
[Site "Khanty-Mansiysk RUS"]
[Date "2012.11.11"]
[EventDate "2012.11.11"]
[Round "1.1"]
[Result "1/2-1/2"]
[White "Deysi Estela Cori Tello"]
[Black "Anna Ushenina"]
[WhiteElo "2429"]
[BlackElo "2452"]
[PlyCount "70"]

1. d4 d5 2. Nf3 Nf6 3. c4 c6 4. Qc2 e6 5. g3 dxc4 6. Qxc4 b5
7. Qc2 Bb7 8. Bg2 Nbd7 9. O-O c5 10. a4 a6 11. Bg5 Rc8
12. axb5 axb5 13. Bxf6 Nxf6 14. Qb3 b4 15. Ra7 Qb6 16. Qa4+
Bc6 17. Qa1 Bd6 18. Ra6 Qb5 19. Ra5 Qb6 20. Nbd2 Bb5 21. Ne5
cxd4 22. Rxb5 Qxb5 23. Bc6+ Rxc6 24. Qa8+ Bb8 25. Qxc6+ Qxc6
26. Nxc6 Kd7 27. Nxb4 Rc8 28. Ra1 e5 29. Kf1 Bd6 30. Ra7+ Ke6
31. Ra6 Kd7 32. Ra7+ Ke6 33. Ra6 Kd7 34. Ra7+ Ke6 35. Ra6 Kd7
1/2-1/2

[Event "FIDE Knock-out Women's World Championship"]
[Site "Khanty-Mansiysk RUS"]
[Date "2012.11.16"]
[EventDate "2012.11.11"]
[Round "2.4"]
[Result "0-1"]
[White "Anna Muzychuk"]
[Black "Anna Ushenina"]
[WhiteElo "2586"]
[BlackElo "2452"]
[PlyCount "114"]

1. e4 c5 2. Nf3 d6 3. d4 cxd4 4. Nxd4 Nf6 5. Nc3 a6 6. Be3 e6
7. a4 b6 8. a5 bxa5 9. Bd3 Qc7 10. f4 Bb7 11. Qf3 Nc6 12. g4
Nxd4 13. Bxd4 e5 14. Be3 exf4 15. Bd4 Nd7 16. Qxf4 Ne5 17. O-O
f6 18. Nd5 Bxd5 19. exd5 Be7 20. Bf5 O-O 21. Ra3 Bd8 22. Rh3
g6 23. Be6+ Kh8 24. Qe4 Qg7 25. Rb3 Bc7 26. Rb7 Rfb8 27. Rxb8+
Rxb8 28. g5 Rf8 29. Qf4 Bd8 30. Bc3 Be7 31. Qe3 fxg5 32. Rxf8+
Bxf8 33. Qf2 Be7 34. Bxa5 g4 35. Kg2 h5 36. Bc3 Kh7 37. Bc8
Qg8 38. Be6 Qg7 39. Qf4 Bf6 40. Bc8 Qf7 41. Be6 Qg7 42. Kf2
Qa7+ 43. Ke2 Bg7 44. Bxe5 Bxe5 45. Qf8 Qg7 46. Qc8 Bxb2
47. Qxa6 Be5 48. c4 Bxh2 49. c5 dxc5 50. Kd3 Qd4+ 51. Kc2 Qe4+
52. Kb3 Qb4+ 53. Ka2 Be5 54. Qe2 Qa4+ 55. Kb1 Qa1+ 56. Kc2
Qb2+ 57. Kd3 Qc3+ 0-1

[Event "Women Grand Prix Geneva"]
[Site "Geneva SUI"]
[Date "2013.05.03"]
[EventDate "2013.05.03"]
[Round "1.6"]
[Result "1/2-1/2"]
[White "Tuvshintugs Batchimeg"]
[Black "Anna Ushenina"]
[WhiteElo "2298"]
[BlackElo "2491"]
[PlyCount "129"]

1. d4 Nf6 2. c4 g6 3. Nc3 d5 4. Bf4 Bg7 5. Rc1 O-O 6. e3 Be6
7. c5 c6 8. Nf3 Bg4 9. Be2 Nbd7 10. Qb3 Qc8 11. Ne5 Bxe2
12. Nxe2 Re8 13. O-O Nh5 14. Nxd7 Nxf4 15. Nxf4 Qxd7 16. Nd3
e5 17. dxe5 Bxe5 18. Nxe5 Rxe5 19. Rcd1 Rae8 20. Rd4 Re4
21. Rfd1 f5 22. Qc3 Qf7 23. Rxe4 fxe4 24. b4 a6 25. a4 h5
26. b5 axb5 27. axb5 Rf8 28. Rd2 Ra8 29. bxc6 bxc6 30. Qe5 Qe7
31. Qb2 Qg7 32. f3 exf3 33. Qxg7+ Kxg7 34. gxf3 Ra1+ 35. Kf2
Rc1 36. e4 Rxc5 37. exd5 Rxd5 38. Rc2 c5 39. Ke3 Kf6 40. h4
Re5+ 41. Kf4 g5+ 42. hxg5+ Rxg5 43. Ra2 Rf5+ 44. Ke4 h4
45. Ra6+ Kg5 46. Ra8 Rf4+ 47. Ke3 Rc4 48. Rg8+ Kf6 49. Rh8 Kg7
50. Rh5 Kg6 51. Rh8 Rb4 52. Rc8 Rc4 53. Rh8 Kf6 54. Rh5 Ke6
55. Kd3 Rd4+ 56. Ke3 Kd6 57. f4 Rd1 58. Rxh4 c4 59. Rh8 Kc5
60. Rc8+ Kb4 61. f5 c3 62. f6 Rf1 63. Kd4 Rxf6 64. Rb8+ Ka5
65. Kxc3 1/2-1/2

[Event "Women Grand Prix Geneva"]
[Site "Geneva SUI"]
[Date "2013.05.04"]
[EventDate "2013.05.03"]
[Round "2"]
[Result "1/2-1/2"]
[White "Anna Ushenina"]
[Black "Viktorija Cmilyte"]
[WhiteElo "2491"]
[BlackElo "2522"]
[PlyCount "63"]

1. d4 Nf6 2. c4 e6 3. Nf3 d5 4. e3 c5 5. cxd5 exd5 6. Bb5+ Nc6
7. Ne5 Bd7 8. Nxd7 Qxd7 9. O-O a6 10. Bxc6 Qxc6 11. dxc5 Bxc5
12. Nd2 O-O 13. Nf3 Ne4 14. Qd3 Rad8 15. Rd1 Rfe8 16. Bd2 Qb6
17. Qb3 Qa7 18. Be1 Nf6 19. Bc3 Ne4 20. Bd4 h6 21. Bxc5 Nxc5
22. Qb4 Ne4 23. Rac1 Rc8 24. Qd4 Qxd4 25. Nxd4 Nd6 26. Kf1 Kf8
27. Ke2 Ke7 28. Nc2 Ke6 29. Nd4+ Ke7 30. Nc2 Ke6 31. Nd4+ Ke7
32. Nc2 1/2-1/2

[Event "Women Grand Prix Geneva"]
[Site "Geneva SUI"]
[Date "2013.05.05"]
[EventDate "2013.05.03"]
[Round "3.5"]
[Result "1/2-1/2"]
[White "Anna Muzychuk"]
[Black "Anna Ushenina"]
[WhiteElo "2585"]
[BlackElo "2491"]
[PlyCount "104"]

1. e4 c5 2. Nc3 a6 3. f4 e6 4. Nf3 d5 5. d3 dxe4 6. dxe4 Qxd1+
7. Nxd1 Nf6 8. e5 Nd5 9. c4 Nb4 10. Ne3 b6 11. a3 N4c6 12. Bd2
Ra7 13. Bc3 Rd7 14. Rd1 h6 15. Bd3 Be7 16. Kf2 Bb7 17. Be4 Kd8
18. h4 Kc8 19. h5 b5 20. b3 b4 21. Rxd7 Nxd7 22. Bb2 bxa3
23. Bxa3 Kc7 24. Bb2 Rb8 25. Ra1 Bc8 26. Nd2 Nd4 27. Ra3 f6
28. exf6 Nxf6 29. Bg6 Bd6 30. g3 e5 31. f5 Bb7 32. g4 Kd7
33. Bf7 Ne4+ 34. Nxe4 Bxe4 35. Rxa6 Rxb3 36. Bc1 Bb7 37. Ra7
Nc6 38. Be6+ Ke8 39. Ra3 Rb1 40. Rc3 e4 41. Bd5 Ne5 42. Bxb7
Rxb7 43. Ke2 Kf7 44. Rc2 Rb1 45. Nd5 Nxg4 46. Nc3 Rb3 47. Nxe4
Be7 48. Rb2 Rh3 49. Rb7 Kf8 50. Rb8+ Kf7 51. Rb7 Kf8 52. Rb8+
Kf7 1/2-1/2

[Event "Women Grand Prix Geneva"]
[Site "Geneva SUI"]
[Date "2013.05.06"]
[EventDate "2013.05.03"]
[Round "4"]
[Result "1/2-1/2"]
[White "Anna Ushenina"]
[Black "Olga Girya"]
[WhiteElo "2491"]
[BlackElo "2463"]
[PlyCount "251"]

1. d4 d5 2. c4 c6 3. Nf3 Nf6 4. Qb3 dxc4 5. Qxc4 Bf5 6. g3 e6
7. Bg2 Nbd7 8. O-O Be7 9. e3 O-O 10. Rd1 Qc7 11. Nc3 Bg6
12. h3 Rad8 13. Qe2 e5 14. e4 exd4 15. Nxd4 Rfe8 16. Bf4 Qc8
17. Be3 Bb4 18. f3 Qb8 19. Bf2 Bh5 20. Qc2 Bd6 21. Nce2 Bg6
22. a3 h5 23. b4 Ne5 24. Qb3 Nxf3+ 25. Nxf3 Nxe4 26. Nh4 Nxf2
27. Kxf2 Bh7 28. Nf3 Re7 29. Ra2 Rde8 30. Rad2 Bc7 31. Nfd4
Bb6 32. Qf3 Qe5 33. Kg1 a5 34. Kh1 axb4 35. axb4 Qg5 36. h4
Qh6 37. Nf4 Re3 38. Qxh5 Rxg3 39. Qxh6 gxh6 40. Nh5 Rg6
41. Re2 Rxe2 42. Nxe2 Kf8 43. Bh3 Bc7 44. Bf5 Rd6 45. Rxd6
Bxd6 46. Bxh7 Be7 47. Nhf4 Bxh4 48. Bf5 Ke7 49. Nd3 Kd6
50. Nc3 Kc7 51. Kg2 Kb6 52. Kf3 Bf6 53. Ne4 Be7 54. Bc8 Kc7
55. Bg4 Kb6 56. Nec5 Kb5 57. Nxb7 Bxb4 58. Nxb4 Kxb4 59. Nd8
c5 60. Nxf7 c4 61. Ke2 Kc3 62. Kd1 Kb2 63. Nxh6 c3 64. Bf5 Kb3
65. Bc2+ Kb2 66. Nf5 Ka1 67. Ne3 Kb2 68. Nd5 Ka1 69. Ke2 Kb2
70. Kd3 Kc1 71. Ba4 Kb2 72. Nxc3 Ka1 73. Nd1 Ka2 74. Bc2 Ka1
75. Kc3 Ka2 76. Bb3+ Ka1 77. Ne3 Kb1 78. Nc2 Kc1 79. Ba2 Kd1
80. Nd4 Ke1 81. Kd3 Kf2 82. Bd5 Kg3 83. Ke3 Kg4 84. Be4 Kg5
85. Kf3 Kf6 86. Kf4 Kg7 87. Kg5 Kf7 88. Kf5 Kg7 89. Bd5 Kh6
90. Ne6 Kh7 91. Kf6 Kg8 92. Nf4+ Kh8 93. Be4 Kg8 94. Nh3 Kh8
95. Ng5 Kg8 96. Nf7 Kf8 97. Bh7 Ke8 98. Bf5 Kf8 99. Nh6 Ke8
100. Nf7 Kf8 101. Ne5 Kg8 102. Ng6 Kh7 103. Be6 Kh6 104. Bg8
Kh5 105. Ne5 Kh4 106. Kf5 Kg3 107. Bc4 Kf2 108. Kf4 Ke1
109. Ke3 Kd1 110. Bd3 Kc1 111. Nc4 Kd1 112. Nb6 Kc1 113. Na4
Kd1 114. Be4 Kc1 115. Bd3 Kd1 116. Nb2+ Kc1 117. Nc4 Kd1
118. Bg6 Kc1 119. Bf5 Kd1 120. Nb6 Kc1 121. Na4 Kd1 122. Nb2+
Kc1 123. Nc4 Kd1 124. Kd3 Kc1 125. Kc3 Kd1 126. Bd3 1/2-1/2

[Event "Women Grand Prix Geneva"]
[Site "Geneva SUI"]
[Date "2013.05.08"]
[EventDate "2013.05.03"]
[Round "5"]
[Result "1/2-1/2"]
[White "Kateryna Lahno"]
[Black "Anna Ushenina"]
[WhiteElo "2548"]
[BlackElo "2491"]
[PlyCount "67"]

1. d4 d5 2. c4 c6 3. Nf3 Nf6 4. g3 Bf5 5. Nc3 e6 6. Nh4 Bg4
7. h3 Bh5 8. g4 Bg6 9. Nxg6 hxg6 10. g5 Ng8 11. e4 dxe4
12. Nxe4 Ne7 13. Qb3 Nf5 14. Qxb7 Nd7 15. Bg2 Nxd4 16. O-O Ne5
17. Be3 Nef3+ 18. Bxf3 Nxf3+ 19. Kg2 Nh4+ 20. Kh1 Qc8
21. Qxc8+ Rxc8 22. Bxa7 Nf5 23. Kg2 c5 24. a4 Kd7 25. Bb6 Kc6
26. Ba5 Rh4 27. Rfe1 Be7 28. Ra3 Nd4 29. Rd3 Nc2 30. Re2 Nd4
31. Re1 Nc2 32. Re2 Nd4 33. Re1 Nc2 34. Re2 1/2-1/2

[Event "Women Grand Prix Geneva"]
[Site "Geneva SUI"]
[Date "2013.05.09"]
[EventDate "2013.05.03"]
[Round "6"]
[Result "0-1"]
[White "Alexandra Kosteniuk"]
[Black "Anna Ushenina"]
[WhiteElo "2491"]
[BlackElo "2491"]
[PlyCount "84"]

1. e4 c5 2. Nf3 d6 3. d4 cxd4 4. Nxd4 Nf6 5. Nc3 a6 6. Bg5
Nbd7 7. Qe2 h6 8. Bh4 g6 9. f4 e5 10. fxe5 Nxe5 11. h3 Be7
12. Bf2 b5 13. g4 Bb7 14. Bg2 Rc8 15. Nd5 Nxd5 16. exd5 Qa5+
17. c3 O-O 18. O-O Rfe8 19. Be3 Bf8 20. Qf2 Qc7 21. Rad1 Bg7
22. Bf4 Qd7 23. Bc1 b4 24. Ne2 a5 25. Qb6 Nc4 26. Qf2 Ne5
27. Qb6 Nc4 28. Qf2 bxc3 29. Nxc3 Nxb2 30. Bxb2 Bxc3 31. Bc1
Ba6 32. Bxh6 Bxf1 33. Rxf1 Bg7 34. Bf4 Rc4 35. Kh1 Be5 36. Bh6
Rb4 37. Qd2 Reb8 38. a3 Rb1 39. Qxa5 Rxf1+ 40. Bxf1 Qb7
41. Qd2 Qb1 42. Qd3 Qa2 0-1

[Event "Women Grand Prix Geneva"]
[Site "Geneva SUI"]
[Date "2013.05.10"]
[EventDate "2013.05.03"]
[Round "7"]
[Result "0-1"]
[White "Anna Ushenina"]
[Black "Ju Wenjun"]
[WhiteElo "2491"]
[BlackElo "2544"]
[PlyCount "54"]

1. d4 f5 2. Nc3 Nf6 3. e4 fxe4 4. Bg5 Nc6 5. d5 Ne5 6. Qd4 Nf7
7. Bd2 c6 8. dxc6 bxc6 9. Nxe4 e5 10. Qa4 Nxe4 11. Qxe4 Be7
12. Nf3 d5 13. Qa4 Bd7 14. Ba5 Qb8 15. Qb3 Qd6 16. c4 O-O
17. Be2 Rab8 18. Qc2 e4 19. Nd2 Bf6 20. Nb3 d4 21. Qxe4 Rfe8
22. Qd3 Bg4 23. f3 Ne5 24. Qd1 Nxf3+ 25. Kf2 Bh4+ 26. g3 Nxh2
27. gxh4 Qf4+ 0-1

[Event "Women Grand Prix Geneva"]
[Site "Geneva SUI"]
[Date "2013.05.11"]
[EventDate "2013.05.03"]
[Round "8"]
[Result "0-1"]
[White "Yifan Hou"]
[Black "Anna Ushenina"]
[WhiteElo "2617"]
[BlackElo "2491"]
[PlyCount "80"]

1. e4 c5 2. Nf3 d6 3. Bb5+ Nd7 4. d4 Ngf6 5. O-O cxd4 6. Qxd4
g6 7. e5 dxe5 8. Qxe5 Bg7 9. Re1 e6 10. Qd6 a6 11. Bf1 Bf8
12. Qd3 Bg7 13. c4 O-O 14. Nc3 b6 15. Bf4 Bb7 16. Rad1 Qc8
17. h3 Rd8 18. Na4 b5 19. cxb5 axb5 20. Rc1 Nc5 21. Qxb5 Rxa4
22. Rxc5 Qa8 23. Bc7 Rc8 24. Ne5 Rxa2 25. Nc4 Nd5 26. Bg3 Bc6
27. Qb3 Bd4 28. Nd6 Rxb2 29. Qc4 Bxc5 30. Qxc5 Rcb8 31. Ne4
Rb1 32. Re2 Rxf1+ 33. Kh2 Rbb1 34. Be5 Rh1+ 35. Kg3 Rhe1
36. Ra2 Qxa2 37. Qxc6 Qa3+ 38. f3 Rxe4 39. Bd6 Qxd6+ 40. Qxd6
Reb4 0-1

[Event "Women Grand Prix Geneva"]
[Site "Geneva SUI"]
[Date "2013.05.13"]
[EventDate "2013.05.03"]
[Round "9.6"]
[Result "1/2-1/2"]
[White "Anna Ushenina"]
[Black "Nana Dzagnidze"]
[WhiteElo "2491"]
[BlackElo "2545"]
[PlyCount "68"]

1. d4 Nf6 2. c4 e6 3. Nc3 Bb4 4. e3 c5 5. Bd3 O-O 6. Nf3 d5
7. O-O cxd4 8. exd4 dxc4 9. Bxc4 b6 10. Bg5 Bb7 11. Rc1 h6
12. Bh4 Nc6 13. Bd3 Be7 14. Bb1 Rc8 15. a3 Nh5 16. Qd3 g6
17. Bxe7 Nxe7 18. Rcd1 Nd5 19. Nxd5 Bxd5 20. Qe3 Kg7 21. Ne5
Qg5 22. g3 Ba8 23. Rc1 Rfd8 24. Qxg5 hxg5 25. Rxc8 Rxc8 26. f3
Nf6 27. Rf2 Ne8 28. Rc2 Rd8 29. Kf2 Bb7 30. Ke3 Nf6 31. Ba2
Ne8 32. Bb1 Nf6 33. Ba2 Ne8 34. Bb1 Nf6 1/2-1/2

[Event "Women Grand Prix Geneva"]
[Site "Geneva SUI"]
[Date "2013.05.14"]
[EventDate "2013.05.03"]
[Round "10"]
[Result "1/2-1/2"]
[White "Tatiana Kosintseva"]
[Black "Anna Ushenina"]
[WhiteElo "2517"]
[BlackElo "2491"]
[PlyCount "47"]

1. e4 c5 2. Nf3 d6 3. d4 cxd4 4. Nxd4 Nf6 5. Nc3 a6 6. Bg5
Nbd7 7. Qe2 h6 8. Bh4 g6 9. f4 e5 10. fxe5 dxe5 11. O-O-O Qc7
12. Nb3 b5 13. Nd5 Nxd5 14. exd5 Bd6 15. Qd2 Kf8 16. Kb1 Kg7
17. Na5 Re8 18. g4 e4 19. Be2 e3 20. Qd4+ Be5 21. Qb4 Bd6
22. Qd4+ Be5 23. Qb4 Bd6 24. Qd4+ 1/2-1/2

[Event "Women Grand Prix Geneva"]
[Site "Geneva SUI"]
[Date "2013.05.15"]
[EventDate "2013.05.03"]
[Round "11"]
[Result "1/2-1/2"]
[White "Anna Ushenina"]
[Black "Bela Khotenashvili"]
[WhiteElo "2491"]
[BlackElo "2505"]
[PlyCount "79"]

1. d4 d5 2. c4 e6 3. Nc3 Be7 4. Nf3 Nf6 5. Bg5 O-O 6. Qc2 c5
7. dxc5 Qa5 8. cxd5 exd5 9. e3 Qxc5 10. a3 Qa5 11. Be2 Nc6
12. O-O Be6 13. b4 Qc7 14. Rac1 a6 15. Rfd1 Rfd8 16. Qb1 Nh5
17. Bxe7 Qxe7 18. Nd4 Nxd4 19. Rxd4 Nf6 20. Rdd1 Rac8 21. h3
h6 22. Bd3 Nd7 23. Ne2 Nb6 24. Nd4 Rxc1 25. Rxc1 Qd7 26. Be2
Rc8 27. Rxc8+ Qxc8 28. Qb2 Qc7 29. Nb3 Na4 30. Qd2 Nb6 31. Nc5
Nd7 32. Nxd7 Qxd7 33. Qc3 Qa4 34. Kf1 b6 35. Ke1 a5 36. Bd1
Qb5 37. Be2 Qa4 38. Bd1 Qb5 39. Be2 Qa4 40. Bd1 1/2-1/2

[Event "FIDE Women's Grand Prix Dilijan"]
[Site "Dilijan ARM"]
[Date "2013.06.19"]
[EventDate "2013.06.16"]
[Round "4"]
[Result "1/2-1/2"]
[White "Nana Dzagnidze"]
[Black "Anna Ushenina"]
[WhiteElo "2550"]
[BlackElo "2499"]
[PlyCount "70"]

1. d4 d5 2. c4 c6 3. cxd5 cxd5 4. Bf4 Nc6 5. e3 Nf6 6. Nc3 a6
7. Bd3 Bg4 8. Nge2 e6 9. O-O Be7 10. f3 Bh5 11. Rc1 O-O
12. Na4 Nd7 13. Bg3 Bg6 14. a3 Ra7 15. Nf4 Bxd3 16. Nxd3 Nb6
17. Nxb6 Qxb6 18. Rf2 Rc8 19. Rfc2 Raa8 20. Rc3 Qd8 21. Qa4 h6
22. Kf2 Bf8 23. Ke2 Na7 24. Qb3 Rxc3 25. Rxc3 Nb5 26. Rc1 Rc8
27. Rxc8 Qxc8 28. a4 Na7 29. Kd2 b5 30. axb5 Nxb5 31. Qc2 Qb7
32. Qa4 Qc8 33. Qc2 Qb7 34. Qa4 Qc8 35. Qc2 Qb7 1/2-1/2

[Event "FIDE Women's Grand Prix Dilijan"]
[Site "Dilijan ARM"]
[Date "2013.06.21"]
[EventDate "2013.06.16"]
[Round "5"]
[Result "1/2-1/2"]
[White "Anna Ushenina"]
[Black "Olga Girya"]
[WhiteElo "2499"]
[BlackElo "2436"]
[PlyCount "115"]

1. d4 d5 2. c4 c6 3. Nf3 Nf6 4. Nc3 dxc4 5. a4 Bf5 6. e3 e6
7. Bxc4 Bb4 8. O-O Nbd7 9. Qe2 Bg6 10. e4 O-O 11. Bd3 Bh5
12. e5 Nd5 13. Nxd5 cxd5 14. Qe3 Bg6 15. Bxg6 fxg6 16. a5 Bxa5
17. Ng5 Re8 18. Qf3 Nf8 19. Qf7+ Kh8 20. Qxb7 Qb6 21. Qxb6
Bxb6 22. Nf3 Reb8 23. Bd2 Bd8 24. Ra2 Kg8 25. Rfa1 Rb7 26. Ne1
Bb6 27. Ra4 Rc8 28. h4 Nd7 29. Bc3 Rbc7 30. Nd3 Rc4 31. Nf4
Kf7 32. Kf1 Nb8 33. Ke2 Rxa4 34. Rxa4 Nc6 35. Kd3 Bd8 36. g3
g5 37. hxg5 Bxg5 38. Ng2 h5 39. Ra1 g6 40. Rh1 Rb8 41. Ra1 Rb7
42. f3 Ke8 43. Ke2 Kf7 44. Kd3 Ke8 45. Ke2 Kf7 46. g4 hxg4
47. fxg4 Kg7 48. Ne1 Be7 49. Nd3 g5 50. Ne1 Kg6 51. Nf3 Bd8
52. Ra6 Rb6 53. Ra1 Rb7 54. Rc1 Bb6 55. Rh1 Bd8 56. Rc1 Bb6
57. Rh1 Bd8 58. Rc1 1/2-1/2

[Event "FIDE Women's Grand Prix Dilijan"]
[Site "Dilijan ARM"]
[Date "2013.06.21"]
[EventDate "2013.06.16"]
[Round "5"]
[Result "1/2-1/2"]
[White "Tuvshintugs Batchimeg"]
[Black "Anna Ushenina"]
[WhiteElo "2316"]
[BlackElo "2499"]
[PlyCount "24"]

1. d4 d5 2. c4 c6 3. Nf3 Nf6 4. Nc3 a6 5. c5 Nbd7 6. Bf4 Nh5
7. Bg5 h6 8. Bd2 Nhf6 9. Bf4 Nh5 10. Bd2 Nhf6 11. Bf4 Nh5
12. Bd2 Nhf6 1/2-1/2

[Event "FIDE Women's Grand Prix Dilijan"]
[Site "Dilijan ARM"]
[Date "2013.06.24"]
[EventDate "2013.06.16"]
[Round "8"]
[Result "1/2-1/2"]
[White "Elina Danielian"]
[Black "Anna Ushenina"]
[WhiteElo "2475"]
[BlackElo "2499"]
[PlyCount "109"]

1. d4 d5 2. c4 c6 3. Nf3 Nf6 4. e3 Bf5 5. Nc3 e6 6. Nh4 Bg6
7. Nxg6 hxg6 8. g3 Nbd7 9. Bg2 dxc4 10. Qe2 Nb6 11. a4 a5
12. O-O Be7 13. Rd1 Qc7 14. e4 e5 15. Be3 Nfd7 16. h4 O-O
17. h5 gxh5 18. Qxh5 g6 19. Qh6 Bf6 20. d5 Qd6 21. Bf3 Bg7
22. Qh3 Rfd8 23. Kg2 cxd5 24. Nxd5 Nxd5 25. Rxd5 Qe7 26. Rh1
Nf6 27. Rb5 Rd3 28. Bh6 Qf8 29. Bxg7 Qxg7 30. Rxe5 Nh7 31. Rc5
Rd2 32. e5 Rxb2 33. Bd5 Rf8 34. Qh4 Rb4 35. Rxc4 Rxc4 36. Bxc4
Re8 37. f4 Nf8 38. Rc1 g5 39. Qxg5 Qxg5 40. fxg5 Rxe5 41. Rf1
Re7 42. Rf5 b6 43. Rf6 Ne6 44. g6 Kg7 45. Rxf7+ Rxf7 46. gxf7
Nc5 47. Bb5 Kxf7 48. Kf3 Kf6 49. Kf4 Ne6+ 50. Ke4 Kg5 51. Kd5
Nc5 52. Kc6 Nxa4 53. Bxa4 Kg4 54. Kxb6 Kxg3 55. Kxa5 1/2-1/2

[Event "FIDE Women's Grand Prix Dilijan"]
[Site "Dilijan ARM"]
[Date "2013.06.26"]
[EventDate "2013.06.16"]
[Round "9"]
[Result "0-1"]
[White "Anna Ushenina"]
[Black "Viktorija Cmilyte"]
[WhiteElo "2499"]
[BlackElo "2511"]
[PlyCount "52"]

1. d4 Nf6 2. c4 g6 3. Nc3 d5 4. Qb3 dxc4 5. Qxc4 Be6 6. Qb5+
Bd7 7. Qd3 c5 8. d5 Na6 9. e4 Bg7 10. e5 Ng4 11. f4 Nb4
12. Qd1 Bf5 13. Qa4+ Kf8 14. h3 Nc2+ 15. Ke2 a6 16. Qc4 b5
17. Qxc5 Rc8 18. Qa7 Nxa1 19. hxg4 Bxg4+ 20. Kf2 b4 21. Nce2
Qxd5 22. Qxa6 h5 23. Nf3 Bh6 24. Be3 Nc2 25. Ba7 Kg7 26. Kg3
Ra8 0-1

[Event "FIDE Women's Grand Prix Dilijan"]
[Site "Dilijan ARM"]
[Date "2013.06.27"]
[EventDate "2013.06.16"]
[Round "10"]
[Result "1-0"]
[White "Anna Ushenina"]
[Black "Tatiana Kosintseva"]
[WhiteElo "2499"]
[BlackElo "2526"]
[PlyCount "81"]

1. d4 Nf6 2. c4 e6 3. Nf3 d5 4. Nc3 Bb4 5. Qa4+ Nc6 6. Bg5 h6
7. Bxf6 Qxf6 8. e3 O-O 9. Be2 Bd7 10. Qc2 dxc4 11. O-O Bxc3
12. Qxc3 b5 13. b3 Qe7 14. bxc4 b4 15. Qc2 a5 16. c5 Rfb8
17. Nd2 a4 18. Rab1 e5 19. d5 b3 20. Qe4 Nb4 21. axb3 Qxc5
22. bxa4 Nxd5 23. Rxb8+ Rxb8 24. Qxe5 Re8 25. Qh5 Bxa4 26. Bc4
c6 27. e4 g6 28. Qxh6 Ne7 29. Rc1 Qd4 30. Nf3 Qg7 31. Qf4 Bb5
32. Bb3 Rf8 33. Ng5 Nc8 34. h3 Ne7 35. Kh2 Be2 36. Re1 Bb5
37. Rc1 Be2 38. Kh1 Qb2 39. Bxf7+ Kh8 40. Re1 Bh5 41. g4 1-0

[Event "SportAccord World Mind Games (Women, Rapid)"]
[Site "Beijing CHN"]
[Date "2013.12.05"]
[EventDate "2013.12.4"]
[Round "5.6"]
[Result "0-1"]
[White "Anna Ushenina"]
[Black "Ju Wenjun"]
[WhiteElo "2501"]
[BlackElo "2514"]
[PlyCount "92"]

1. d4 d6 2. Nf3 Nf6 3. c4 g6 4. Nc3 Bf5 5. h3 Bg7 6. Bg5 h6
7. Bh4 g5 8. Bg3 Ne4 9. Nxe4 Bxe4 10. Qd2 Nd7 11. e3 c5
12. Be2 cxd4 13. exd4 f5 14. O-O O-O 15. Rad1 Rc8 16. d5 Bxf3
17. Bxf3 Rxc4 18. Be2 Rd4 19. Qe3 Rxd1 20. Bxd1 f4 21. Qe6+
Kh8 22. Bh2 Ne5 23. h4 Qd7 24. Bg4 Qc7 25. hxg5 hxg5 26. b3 b6
27. Rd1 Qc2 28. Bh5 Bf6 29. g3 f3 30. Re1 Qc8 31. Rxe5 Bxe5
32. Qh6+ Kg8 33. Qxg5+ Bg7 34. Bg4 Qc2 35. Be6+ Kh8 36. Bh3
Qb1+ 37. Bf1 Rf6 38. g4 Kg8 39. Qe3 Rh6 40. Qxe7 Qg6 41. Bg3
Qxg4 42. Qe8+ Bf8 43. a4 a5 44. Qe3 Qh5 45. Bh3 Qxh3 46. Qxf3
Qh5 0-1

[Event "SportAccord World Mind Games (Women, Rapid)"]
[Site "Beijing CHN"]
[Date "2013.12.05"]
[EventDate "2013.12.4"]
[Round "6.7"]
[Result "1-0"]
[White "Anna Ushenina"]
[Black "Zhao Xue"]
[WhiteElo "2501"]
[BlackElo "2568"]
[PlyCount "85"]

1. d4 Nf6 2. c4 e6 3. Nc3 Bb4 4. Qc2 c5 5. dxc5 Qc7 6. Nf3 a6
7. g3 Bxc5 8. Bg2 Be7 9. b3 b6 10. Bf4 d6 11. Rd1 O-O 12. Ng5
Bb7 13. Bxb7 Qxb7 14. Nce4 Nxe4 15. Qxe4 Qxe4 16. Nxe4 e5
17. Be3 Nd7 18. Nxd6 Ra7 19. Nf5 Ba3 20. O-O g6 21. Nh6+ Kh8
22. f4 Kg7 23. Ng4 Re8 24. Nxe5 Nxe5 25. fxe5 Bc5 26. Bxc5
bxc5 27. Rd5 Rc7 28. Rf6 Rxe5 29. Rxf7+ Kxf7 30. Rxe5 a5
31. Kf2 a4 32. bxa4 Kf6 33. Rd5 Ra7 34. Rxc5 Rxa4 35. Rc7 h5
36. c5 Rxa2 37. c6 Ra6 38. Rc8 Kg7 39. c7 Rc6 40. e4 Kh7
41. e5 Kg7 42. e6 Rxe6 43. Rd8 1-0

[Event "SportAccord World Mind Games (Women, Rapid)"]
[Site "Beijing CHN"]
[Date "2013.12.12"]
[EventDate "2013.12.12"]
[Round "1.8"]
[Result "0-1"]
[White "Anna Ushenina"]
[Black "Elisabeth Paehtz"]
[WhiteElo "2501"]
[BlackElo "2452"]
[PlyCount "118"]

1. d4 d6 2. Nf3 g6 3. c4 Bg7 4. Nc3 Nc6 5. d5 Na5 6. Bd2 c5
7. e4 Bg4 8. a3 Rc8 9. Qa4+ Bd7 10. Qc2 Qb6 11. Rd1 Nb3
12. Be3 Nd4 13. Qd2 Bg4 14. Bxd4 cxd4 15. Nb5 Nf6 16. Qxd4
Qxd4 17. Rxd4 a6 18. Nc3 Bxf3 19. gxf3 Nd7 20. Rd1 Ne5 21. Be2
Nxc4 22. Bxc4 Rxc4 23. Kd2 Kd7 24. Kd3 Rhc8 25. Rc1 b5 26. Rc2
Be5 27. h3 e6 28. dxe6+ fxe6 29. Rhc1 Bf4 30. Rd1 Ke7 31. Re1
R4c5 32. Ree2 Rf8 33. Re1 Bh6 34. Ke2 Rfc8 35. Kd3 Bg7
36. Rec1 Bh6 37. Re1 a5 38. b4 axb4 39. axb4 Rc4 40. Ree2 Rb8
41. Na2 Rf8 42. Rxc4 Rxf3+ 43. Kd4 Bg7+ 44. e5 Bxe5+ 45. Rxe5
dxe5+ 46. Kc5 bxc4 47. b5 Kd7 48. Kxc4 Rxf2 49. Nb4 Rf4+
50. Kc5 Rxb4 51. Kxb4 Kc7 52. Kc4 Kb6 53. Kd3 Kxb5 54. Ke4 Kc6
55. Kxe5 Kd7 56. Kf6 Kd6 57. h4 e5 58. Kg7 Ke6 59. Kxh7 Kf6
0-1

[Event "SportAccord World Mind Games (Women, Rapid)"]
[Site "Beijing CHN"]
[Date "2013.12.12"]
[EventDate "2013.12.12"]
[Round "2.8"]
[Result "0-1"]
[White "Anna Muzychuk"]
[Black "Anna Ushenina"]
[WhiteElo "2566"]
[BlackElo "2501"]
[PlyCount "96"]

1. e4 c5 2. Nc3 d6 3. d4 cxd4 4. Qxd4 Nc6 5. Bb5 Bd7 6. Bxc6
Bxc6 7. Bg5 h6 8. Bh4 e5 9. Qe3 Qxh4 10. Nge2 Qd8 11. O-O-O
Nf6 12. f4 Qb6 13. Qf3 Be7 14. g4 exf4 15. Nxf4 O-O-O 16. Rhe1
Kb8 17. Re3 Qc5 18. Ncd5 Bxd5 19. exd5 Rc8 20. Rc3 Qa5 21. Ra3
Qb6 22. Ne2 Rc4 23. Rb3 Qc5 24. c3 Nxg4 25. Nd4 Ne5 26. Qe2 a6
27. Kb1 Bf6 28. Nf5 Rd8 29. Ne3 Ra4 30. Rd4 Qa5 31. Nc2 Rxd4
32. cxd4 Qxd5 33. dxe5 Qh1+ 34. Ne1 Bxe5 35. a3 Qd5 36. Ka2
Rc8 37. Nc2 Ka8 38. Nb4 Qc4 39. Qf3 Rc5 40. Kb1 Rb5 41. Re3 a5
42. Nd3 Qd4 43. Qe2 Bf6 44. Re4 Qb6 45. Qc2 Qc6 46. Rc4 Qh1+
47. Ka2 Qd5 48. Nf4 Rxb2+ 0-1